| 000 | 00488nam a22001577a 4500 | ||
|---|---|---|---|
| 999 |
_c3405 _d3405 |
||
| 008 | 200612b ||||| |||| 00| 0 eng d | ||
| 082 | 0 | 0 |
_a623.865 _bL429 |
| 100 |
_92831 _aLayton, C .W. T. |
||
| 245 | 1 | 0 |
_aShip's Lifeboats : a handbook for the Ministry of Transport examination for certificates in lifeboat efficiency _cby C .W. T. Layton |
| 250 | _a4th ed. | ||
| 260 |
_aGlasgow _bBrown,son & Ferguson _c1956 |
||
| 300 | _a82p. | ||
| 365 | _d1.32 | ||
| 650 | 0 | _aSeamanship | |
| 942 | _cBK | ||